Statistics for NBA: Bucks Assists Leader Every Season

Click here to take the quiz!

General Stats

  • This quiz has been taken 11 times
  • The average score is 28 of 55

Answer Stats

SeasonAPGPositionAnswer% Correct
20175.4FGiannis Antetokounmpo
100%
20195.9FGiannis Antetokounmpo
100%
20205.6FGiannis Antetokounmpo
100%
20237.4GJrue Holiday
91%
20226.8GJrue Holiday
91%
20216.1GJrue Holiday
91%
19834.5FMarques Johnson
91%
19737.5GOscar Robertson
91%
19718.2GOscar Robertson
91%
19727.7GOscar Robertson
91%
19746.4GOscar Robertson
91%
20114.8GBrandon Jennings
73%
20105.7GBrandon Jennings
73%
20136.5GBrandon Jennings
73%
19824.8GSidney Moncrief
73%
20185.1GEric Bledsoe
55%
19705.5GFlynn Robinson
55%
20165.2GMichael Carter-Williams
55%
20155.6GMichael Carter-Williams
55%
20076.1GMo Williams
55%
20056.1GMo Williams
55%
20009.0GSam Cassell
55%
20017.6GSam Cassell
55%
20026.7GSam Cassell
55%
20144.9GBrandon Knight
45%
19887.0GPaul Pressey
45%
19856.8GPaul Pressey
45%
19867.8GPaul Pressey
45%
19877.2GPaul Pressey
45%
19896.6GPaul Pressey
45%
19814.7GQuinn Buckner
45%
19774.7GQuinn Buckner
45%
19805.7GQuinn Buckner
45%
19795.8GQuinn Buckner
45%
19785.6GQuinn Buckner
45%
19987.7GTerrell Brandon
45%
19996.9GTerrell Brandon
45%
20037.4GGary Payton
36%
20046.5GT.J. Ford
36%
20066.6GT.J. Ford
36%
19926.6GJay Humphries
27%
19916.7GJay Humphries
27%
19905.8GJay Humphries
27%
19937.6GEric Murdock
18%
19946.7GEric Murdock
18%
19956.4GEric Murdock
18%
19696.9GGuy Rodgers
18%
19764.9GJim Price
18%
19755.4GJim Price
18%
20125.9GMonta Ellis
18%
19844.6GMike Dunleavy
9%
20087.5GRamon Sessions
9%
20095.7GRamon Sessions
9%
19975.4GSherman Douglas
9%
19965.8GSherman Douglas
9%

Score Distribution

Percentile by Number Answered

Percent of People with Each Score

Your Score History

You have not taken this quiz